| 000 | 00931nam a2200289 i 4500 | ||
|---|---|---|---|
| 003 | DO-SdBNP | ||
| 005 | 20250702111803.0 | ||
| 007 | ta | ||
| 008 | 250512b2011 dr ||||| |||| 00| 0 spa d | ||
| 020 | _a9789945164916 | ||
| 040 |
_aDO-SdBNP _bspa _cBNPHU _erda |
||
| 041 | _aspa | ||
| 082 | 4 |
_axxx _bR789g _222 |
|
| 100 | 1 |
_aRosario, Esteban _d1953- _eautor _4aut. _99330 |
|
| 245 | 1 | 3 |
_aEl Grupo Vicini : _bel verdadero poder / _cEsteban Rosario ; corrección, Andrés Acevedo. |
| 250 | _aPrimera edición | ||
| 264 | 4 |
_aSanto Domingo, República Dominicana : _bEditora Búho, _c©2011. |
|
| 300 |
_a263 páginas ; _c22 cm. |
||
| 336 |
_atexto _btxt _2rdacontent |
||
| 337 |
_asin mediación _bn _2rdamedia |
||
| 338 |
_avolumen _bnc _2rdacarrier |
||
| 504 | _aBibliografía: páginas 262-263 | ||
| 590 | _aInventariado, 2025 /LP | ||
| 700 | 1 |
_aAcevedo, Andrés _ecorrector _4corr. _920084 |
|
| 910 | _aLP | ||
| 942 |
_2ddc _cLBS1 |
||
| 999 |
_c59013 _d59013 |
||